Basketball Positions Quiz - Statistics

General Stats
  • This quiz has been taken 342 times
  • The average score is 5 of 5
Answer Stats
Answer % Correct
Center
97%
Point Guard
97%
Shooting Guard
91%
Power Forward
89%
Small Forward
89%
No matching quizzes found
Score Distribution
Percent of People with Each Score
Percentile by Number Answered
Your Score History
You have not taken this quiz